000 00404cam a2200181ua 4500
001 4025
008 131211n1989 II |||gr||||Z||||||eng
040 _aMAIN
041 _aEnglish
082 _a530 RES
100 _aRESNICK, ROBERT.
245 _aPHYSICS
260 _aNEW DELHI
_bWILLEY EASTERN LTD.
_c1989
300 _a646:
_c24CM.
653 _aPhysics
700 _aHAILIDAY, DAVID.
942 _cBK
999 _c4012
_d4012